| 000 | 01524 a2200337 4500 | ||
|---|---|---|---|
| 999 |
_c200130905 _d30186 |
||
| 001 | 200130905 | ||
| 003 | TR-AnTOB | ||
| 005 | 20240214115243.0 | ||
| 008 | 131210r20102013nju 001 0 | ||
| 020 | _a9781118323618 | ||
| 040 |
_aDLC _cDLC _dTR-AnTOB _beng _erda |
||
| 041 | _aeng | ||
| 050 | 0 | 0 |
_aQA371 _b.B693 2013 |
| 090 | _aRES QA371 .B693 2013 | ||
| 100 | 1 |
_aBoyce, William E. _920572 |
|
| 245 | 1 | 0 |
_aElementary differential equations and boundary value problems / _cWilliam E. Boyce,Richard C. DiPrima. |
| 250 | _aTenth edition. | ||
| 264 | 1 |
_aHoboken, NJ : _bWiley, _c2013 |
|
| 300 |
_axix, 809 pages ; _billustrations ; _c27 cm |
||
| 336 |
_2rdacontent _atext _btxt |
||
| 337 |
_2rdamedia _aunmediated _bn |
||
| 338 |
_2rdacarrier _avolume _bnc |
||
| 505 | _aI.Introduction -- II.First order differential equations -- III.Second order equations -- III.Second order linear equations -- IV.Higher order linear equations -- V.Series solutions of second order linear equations -- VI.The laplace transform -- VII.Systems of first order linear equations -- VIII.Numerical methods -- IX.Nonlinear differential equations and stability -- X.Partial differential equations and fourier series -- XI.Boundary value problems and sturm-liouville theory. | ||
| 650 | 0 |
_aDifferential equations _9222 |
|
| 650 | 0 |
_aBoundary value problems _91009 |
|
| 650 | 0 |
_aSınır değer problemleri _921813 |
|
| 650 | 0 |
_aDiferansiyel denklemler _9127642 |
|
| 700 | 1 |
_aDiPrima, Richard C. _920573 |
|
| 942 |
_cBK _2lcc |
||